00641nam a22001337a 4500008004100000020001500041050002300056245028200079260004600361300002200407440003800429800001800467800002200485140902b xxu||||| |||| 00| 0 eng d a0406093628 aKD277.7.L39(1943)  aThe Law Reports (1943) King's Bench division: of the incorporated Council of law reporting and on appeal therefrom in the Court of Appeal decisions in the Court of criminal appeal and decisions of the Railway and Canal Commission. /cedited by Ralph Sulton and G.F.L. Bridgman aLondon:bButterworth and Co. Ltd.,c1943. aviii,765p.:c24cm pKings Bench Division, 1943vvol 2 aSulton, Ralph aBridgman, G.F.L.